1679 1869 1365 1540 1658 1103 1684 1049 1168 1591 1101 1508 1033 1422 1224 1937 1106 1993 1350 1275 1766 1777 1764 1349 1734 1127 1706 1315 1517 1868 1039 1644 1609 1616 1168 1967 1270 1383 1569 1966 1672 1138 1728 1116 1191 1986 1789 1375 1264 1357 1883 1366 1066 1187 1482 1939 1245 1532 1530 1217 1633 1951 1832 1819 1316 1528 1499 1352 1644 1201 1692 1280 1217 1911 1460 1468 1330 1514 1745 1257 1508 1260 1680 1573 1151 1450 1914 1780 1542 1878 1818 1094 1765 1309 1941 1571 1352 1456 1444 BCNSPRNW ULIB Ver.6.0+V

เปลี่ยนเป็นภาษาไทย

Change to English
 แสดงรายละเอียดบรรณานุกรม
  กลับหน้าหลัก

Brief Record : Get Marc (ISO 2709) : E-mail record : QR code < ปิดหน้าต่าง
LEADER : 00000nam 2200000uu 4500
001    13399110613
003     ULIB
008    110606s2551||||th 000 0 tha d
020    9789748278520
060 04 WQ570^bว576ภ 2551
100 0  พันธ์ศักดิ์ ศุกระฤกษ์.
245 10 ภาวะมีบุตรยาก /^cพันธ์ศักดิ์ ศุกระฤกษ์.
250    พิมพ์ครั้งที่ 6.
260    กรุงเทพฯ :^bหมอชาวบ้าน,^c2551.
300    151 หน้า :^bภาพประกอบ ;^c21 ซม.
650  2 Infertility.
650  7 การมีบุตรยาก.
945    ^p130^l0^i025675
945    ^p130^l0^i025421
945    ^p130^l0^i024151
945    ^p130^l0^i013741
945    ^p130^l0^i013740
945    ^p130^l0^i013742
995    ทศพร
999 ^a ใช้งานได้ทุกระบบ
รายการนี้ยังไม่มีแท็ก
คุณยังไม่ได้ล็อกอิน คุณสามารถมีกิจกรรมร่วมกับเว็บไซต์ได้ แต่ต้องล็อกอินก่อน ::
  ล็อกอิน

รายการสื่อสารสนเทศ

ลำดับที่ ประเภท เลขเรียก/บาร์โค้ด สถานที่ สถานะ
- ไม่พบข้อมูล -

รายการใกล้เคียง
    ผู้แต่ง [พันธ์ศักดิ์ ศุกระฤกษ์.]

    หัวเรื่อง [Infertility.]
    หัวเรื่อง [การมีบุตรยาก.]

BibComment


ยังไม่เคยถูกคอมเมนท์

คอมเมนท์ทรัพยากรรายการนี้
  คอมเมนท์: ภาวะมีบุตรยาก พั..


 Copyright 2026. Bcnsprnw @Library